| 000 | 00435nam a22001697a 4500 | ||
|---|---|---|---|
| 005 | 20180621101848.0 | ||
| 008 | 160601b xxu||||| |||| 00| 0 eng d | ||
| 020 | _a81-259-1203-7 | ||
| 041 | _aeng | ||
| 082 |
_b6616 _a658 |
||
| 100 |
_aVrat, Prem and others _94390 |
||
| 245 | _aCase Studies on Management | ||
| 260 |
_aNew Delhi _bVikas Publishing House (P) Ltd. _c2004 |
||
| 300 | _a292 | ||
| 650 |
_aManagement _9241 |
||
| 942 | _cBK | ||
| 999 |
_c2314 _d2313 |
||